| 000 | 00502nam a22001937a 4500 | ||
|---|---|---|---|
| 003 | OSt | ||
| 005 | 20220702120656.0 | ||
| 008 | 220702b |||||||| |||| 00| 0 eng d | ||
| 020 | _a9780143414575 | ||
| 040 | _cDDC | ||
| 050 |
_a032.02 _bB915A |
||
| 082 |
_a032.02 _bB915A |
||
| 100 | _aBryan, Kim | ||
| 245 |
_aAsk Me Anything _bEvery fact you ever wanted to know _cBryan, Kim |
||
| 260 |
_bPenguin Books India _cC2011 |
||
| 300 |
_a303p.: _bill: map: |
||
| 501 | _aIndex Included | ||
| 942 |
_2ddc _cBK |
||
| 999 |
_c10871 _d10871 |
||